<?xml version="1.0" encoding="UTF-8"?>
<record
    xmlns:xsi="http://www.w3.org/2001/XMLSchema-instance"
    xsi:schemaLocation="http://www.loc.gov/MARC21/slim http://www.loc.gov/standards/marcxml/schema/MARC21slim.xsd"
    xmlns="http://www.loc.gov/MARC21/slim">

  <leader>00926nam a22002297a 4500</leader>
  <controlfield tag="003">OSt</controlfield>
  <controlfield tag="005">20150408114006.0</controlfield>
  <controlfield tag="008">120115t        xxu||||| |||| 00| 0 eng d</controlfield>
  <datafield tag="020" ind1=" " ind2=" ">
    <subfield code="a">9960804836</subfield>
  </datafield>
  <datafield tag="040" ind1=" " ind2=" ">
    <subfield code="a">MU</subfield>
    <subfield code="b">ARA</subfield>
    <subfield code="c">MB</subfield>
  </datafield>
  <datafield tag="082" ind1=" " ind2=" ">
    <subfield code="2">21</subfield>
    <subfield code="a">235</subfield>
  </datafield>
  <datafield tag="100" ind1=" " ind2=" ">
    <subfield code="a">&#x627;&#x644;&#x645;&#x648;&#x635;&#x644;&#x64A;&#x60C; &#x639;&#x645;&#x631; &#x628;&#x646; &#x628;&#x62F;&#x631; &#x628;&#x646; &#x633;&#x639;&#x64A;&#x62F;&#x60C; </subfield>
    <subfield code="d">557-622 &#x647;&#x640;. </subfield>
    <subfield code="9">9363</subfield>
  </datafield>
  <datafield tag="245" ind1=" " ind2=" ">
    <subfield code="a">&#x627;&#x644;&#x62C;&#x645;&#x639; &#x628;&#x64A;&#x646; &#x627;&#x644;&#x635;&#x62D;&#x64A;&#x62D;&#x64A;&#x646; &#x639;&#x644;&#x649; &#x62A;&#x631;&#x62A;&#x64A;&#x628; &#x62C;&#x627;&#x645;&#x639; &#x627;&#x644;&#x623;&#x635;&#x648;&#x644; </subfield>
    <subfield code="c">&#x644;&#x636;&#x64A;&#x627;&#x621; &#x627;&#x644;&#x62F;&#x64A;&#x646; &#x639;&#x645;&#x631; &#x628;&#x646; &#x628;&#x62F;&#x631; &#x627;&#x644;&#x645;&#x648;&#x635;&#x644;&#x64A; &#x61B; &#x62A;&#x62D;&#x642;&#x64A;&#x642; &#x639;&#x644;&#x64A; &#x62D;&#x633;&#x64A;&#x646; &#x627;&#x644;&#x628;&#x648;&#x627;&#x628;</subfield>
  </datafield>
  <datafield tag="250" ind1=" " ind2=" ">
    <subfield code="a">&#x637;. 1</subfield>
  </datafield>
  <datafield tag="260" ind1=" " ind2=" ">
    <subfield code="a">&#x627;&#x644;&#x631;&#x64A;&#x627;&#x636;</subfield>
    <subfield code="b">&#x645;&#x643;&#x62A;&#x628;&#x629; &#x627;&#x644;&#x645;&#x639;&#x627;&#x631;&#x641;</subfield>
    <subfield code="c">1998</subfield>
  </datafield>
  <datafield tag="300" ind1=" " ind2=" ">
    <subfield code="a">2 &#x645;&#x62C;.(550&#x60C; 536 &#x635;.)</subfield>
    <subfield code="c">24 &#x633;&#x645;</subfield>
  </datafield>
  <datafield tag="600" ind1=" " ind2=" ">
    <subfield code="a">&#x627;&#x644;&#x625;&#x645;&#x627;&#x645; &#x645;&#x633;&#x644;&#x645;&#x60C; &#x645;&#x633;&#x644;&#x645; &#x628;&#x646; &#x627;&#x644;&#x62D;&#x62C;&#x627;&#x62C; &#x628;&#x646; &#x645;&#x633;&#x644;&#x645;&#x60C; </subfield>
    <subfield code="d">204-261 &#x647;&#x640;. </subfield>
  </datafield>
  <datafield tag="650" ind1=" " ind2=" ">
    <subfield code="a">&#x627;&#x644;&#x62D;&#x62F;&#x64A;&#x62B;</subfield>
    <subfield code="x">&#x627;&#x633;&#x646;&#x627;&#x62F; &#x635;&#x62D;&#x64A;&#x62D;</subfield>
  </datafield>
  <datafield tag="700" ind1=" " ind2=" ">
    <subfield code="a">&#x627;&#x644;&#x628;&#x648;&#x627;&#x628;&#x60C; &#x639;&#x644;&#x64A; &#x62D;&#x633;&#x64A;&#x646; </subfield>
    <subfield code="e">&#x645;&#x62D;&#x642;&#x642;</subfield>
    <subfield code="9">1661</subfield>
  </datafield>
  <datafield tag="740" ind1=" " ind2=" ">
    <subfield code="a">&#x62C;&#x627;&#x645;&#x639; &#x627;&#x644;&#x627;&#x635;&#x648;&#x644;</subfield>
  </datafield>
  <datafield tag="942" ind1=" " ind2=" ">
    <subfield code="2">ddc</subfield>
    <subfield code="c">BOOK</subfield>
  </datafield>
  <datafield tag="999" ind1=" " ind2=" ">
    <subfield code="c">20643</subfield>
    <subfield code="d">255143</subfield>
  </datafield>
  <datafield tag="952" ind1=" " ind2=" ">
    <subfield code="1">0</subfield>
    <subfield code="2">2013-03-10</subfield>
    <subfield code="4">0</subfield>
    <subfield code="7">0</subfield>
    <subfield code="a">235 &#x645;&#x62C;1 &#x645; &#x639; &#x62C;</subfield>
    <subfield code="d">2012-01-15</subfield>
    <subfield code="h">SRM</subfield>
    <subfield code="i">00078218</subfield>
    <subfield code="m">SRM</subfield>
    <subfield code="r">2013-03-10 00:00:00</subfield>
    <subfield code="t">BOOK</subfield>
    <subfield code="w">ddc</subfield>
    <subfield code="y">0</subfield>
  </datafield>
  <datafield tag="952" ind1=" " ind2=" ">
    <subfield code="1">0</subfield>
    <subfield code="2">2013-03-10</subfield>
    <subfield code="4">0</subfield>
    <subfield code="7">0</subfield>
    <subfield code="a">235 &#x645;&#x62C;1 &#x645; &#x639; &#x62C;</subfield>
    <subfield code="d">2012-01-15</subfield>
    <subfield code="h">SRM</subfield>
    <subfield code="i">00078221</subfield>
    <subfield code="m">SRM</subfield>
    <subfield code="r">2013-03-10 00:00:00</subfield>
    <subfield code="t">BOOK</subfield>
    <subfield code="w">ddc</subfield>
    <subfield code="y">0</subfield>
  </datafield>
  <datafield tag="952" ind1=" " ind2=" ">
    <subfield code="1">0</subfield>
    <subfield code="2">2013-03-10</subfield>
    <subfield code="4">0</subfield>
    <subfield code="7">0</subfield>
    <subfield code="a">235 &#x645;&#x62C;1 &#x645; &#x639; &#x62C;</subfield>
    <subfield code="d">2012-01-15</subfield>
    <subfield code="h">SRM</subfield>
    <subfield code="i">00078216</subfield>
    <subfield code="m">SRM</subfield>
    <subfield code="r">2013-03-10 00:00:00</subfield>
    <subfield code="t">BOOK</subfield>
    <subfield code="w">ddc</subfield>
    <subfield code="y">0</subfield>
  </datafield>
  <datafield tag="952" ind1=" " ind2=" ">
    <subfield code="1">0</subfield>
    <subfield code="2">2013-03-10</subfield>
    <subfield code="4">0</subfield>
    <subfield code="7">0</subfield>
    <subfield code="a">235 &#x645;&#x62C;1 &#x645; &#x639; &#x62C;</subfield>
    <subfield code="d">2012-01-15</subfield>
    <subfield code="h">SRM</subfield>
    <subfield code="i">00078225</subfield>
    <subfield code="m">SRM</subfield>
    <subfield code="r">2013-03-10 00:00:00</subfield>
    <subfield code="t">BOOK</subfield>
    <subfield code="w">ddc</subfield>
    <subfield code="y">0</subfield>
  </datafield>
  <datafield tag="952" ind1=" " ind2=" ">
    <subfield code="1">0</subfield>
    <subfield code="2">2013-03-10</subfield>
    <subfield code="4">0</subfield>
    <subfield code="7">0</subfield>
    <subfield code="a">235 &#x645;&#x62C;1 &#x645; &#x639; &#x62C;</subfield>
    <subfield code="d">2012-01-15</subfield>
    <subfield code="h">SRM</subfield>
    <subfield code="i">00078224</subfield>
    <subfield code="m">SRM</subfield>
    <subfield code="r">2013-03-10 00:00:00</subfield>
    <subfield code="t">BOOK</subfield>
    <subfield code="w">ddc</subfield>
    <subfield code="y">0</subfield>
  </datafield>
  <datafield tag="952" ind1=" " ind2=" ">
    <subfield code="1">0</subfield>
    <subfield code="2">2013-03-10</subfield>
    <subfield code="4">0</subfield>
    <subfield code="7">0</subfield>
    <subfield code="a">235 &#x645;&#x62C;2 &#x645; &#x639; &#x62C;</subfield>
    <subfield code="d">2012-01-15</subfield>
    <subfield code="h">SRM</subfield>
    <subfield code="i">00078217</subfield>
    <subfield code="m">SRM</subfield>
    <subfield code="r">2013-03-10 00:00:00</subfield>
    <subfield code="t">BOOK</subfield>
    <subfield code="w">ddc</subfield>
    <subfield code="y">0</subfield>
  </datafield>
  <datafield tag="952" ind1=" " ind2=" ">
    <subfield code="1">0</subfield>
    <subfield code="2">2013-03-10</subfield>
    <subfield code="4">0</subfield>
    <subfield code="7">0</subfield>
    <subfield code="a">235 &#x645;&#x62C;2 &#x645; &#x639; &#x62C;</subfield>
    <subfield code="d">2012-01-15</subfield>
    <subfield code="h">SRM</subfield>
    <subfield code="i">00078220</subfield>
    <subfield code="m">SRM</subfield>
    <subfield code="r">2013-03-10 00:00:00</subfield>
    <subfield code="t">BOOK</subfield>
    <subfield code="w">ddc</subfield>
    <subfield code="y">0</subfield>
  </datafield>
  <datafield tag="952" ind1=" " ind2=" ">
    <subfield code="1">0</subfield>
    <subfield code="2">2013-03-10</subfield>
    <subfield code="4">0</subfield>
    <subfield code="7">0</subfield>
    <subfield code="a">235 &#x645;&#x62C;2 &#x645; &#x639; &#x62C;</subfield>
    <subfield code="d">2012-01-15</subfield>
    <subfield code="h">SRM</subfield>
    <subfield code="i">00078219</subfield>
    <subfield code="m">SRM</subfield>
    <subfield code="r">2013-03-10 00:00:00</subfield>
    <subfield code="t">BOOK</subfield>
    <subfield code="w">ddc</subfield>
    <subfield code="y">0</subfield>
  </datafield>
  <datafield tag="952" ind1=" " ind2=" ">
    <subfield code="1">0</subfield>
    <subfield code="2">2013-03-10</subfield>
    <subfield code="4">0</subfield>
    <subfield code="7">0</subfield>
    <subfield code="a">235 &#x645;&#x62C;2 &#x645; &#x639; &#x62C;</subfield>
    <subfield code="d">2012-01-15</subfield>
    <subfield code="h">SRM</subfield>
    <subfield code="i">00078223</subfield>
    <subfield code="m">SRM</subfield>
    <subfield code="r">2013-03-10 00:00:00</subfield>
    <subfield code="t">BOOK</subfield>
    <subfield code="w">ddc</subfield>
    <subfield code="y">0</subfield>
  </datafield>
  <datafield tag="952" ind1=" " ind2=" ">
    <subfield code="1">0</subfield>
    <subfield code="2">2013-03-10</subfield>
    <subfield code="4">0</subfield>
    <subfield code="7">0</subfield>
    <subfield code="a">235 &#x645;&#x62C;2 &#x645; &#x639; &#x62C;</subfield>
    <subfield code="d">2012-01-15</subfield>
    <subfield code="h">SRM</subfield>
    <subfield code="i">00078222</subfield>
    <subfield code="m">SRM</subfield>
    <subfield code="r">2013-03-10 00:00:00</subfield>
    <subfield code="t">BOOK</subfield>
    <subfield code="w">ddc</subfield>
    <subfield code="y">0</subfield>
  </datafield>
  <datafield tag="952" ind1=" " ind2=" ">
    <subfield code="1">0</subfield>
    <subfield code="2">2013-03-10</subfield>
    <subfield code="4">0</subfield>
    <subfield code="7">0</subfield>
    <subfield code="a">235&#x645;&#x62C;2 &#x645; &#x639; &#x62C;</subfield>
    <subfield code="d">2012-02-19</subfield>
    <subfield code="h">SRM</subfield>
    <subfield code="i">00078892</subfield>
    <subfield code="m">SRM</subfield>
    <subfield code="r">2013-03-10 00:00:00</subfield>
    <subfield code="t">BOOK</subfield>
    <subfield code="w">ddc</subfield>
    <subfield code="y">0</subfield>
  </datafield>
  <datafield tag="952" ind1=" " ind2=" ">
    <subfield code="1">0</subfield>
    <subfield code="2">2013-03-10</subfield>
    <subfield code="4">0</subfield>
    <subfield code="7">0</subfield>
    <subfield code="a">235&#x645;&#x62C;1 &#x645; &#x639; &#x62C;</subfield>
    <subfield code="d">2012-02-19</subfield>
    <subfield code="h">SRM</subfield>
    <subfield code="i">00078891</subfield>
    <subfield code="m">SRM</subfield>
    <subfield code="r">2013-03-10 00:00:00</subfield>
    <subfield code="t">BOOK</subfield>
    <subfield code="w">ddc</subfield>
    <subfield code="y">0</subfield>
  </datafield>
</record>
